000 00312nam a22001337a 4500
008 240501b |||||||| |||| 00| 0 eng d
020 _a978-07-0698-7454
100 _aC. R. Kothari
245 _aQuantitative Techniques
250 _a3rd.
260 _aNoida
_bVikas
_c2010
300 _a596
942 _2ddc
_cBK
999 _c20635
_d20635